| 000 | 01023cam a2200277 4500 | ||
|---|---|---|---|
| 001 | L127971 | ||
| 002 | 8070 | ||
| 008 | 041116n2005 000 0 eng u | ||
| 020 | _a1853289256 | ||
| 035 | _a(Sirsi) u127971 | ||
| 041 | _aeng | ||
| 050 |
_a711.1 _c18 |
||
| 100 | _aTromans, Stephen | ||
| 245 |
_aPlanning and Compulsory Purchase Act 2004 _ba guide to the new law |
||
| 260 |
_aLondon _bLaw Society _c2005 |
||
| 300 |
_axxiii, 299p. _c24cm. |
||
| 350 | _a39.95 | ||
| 520 | _aProvides analysis of the first major reform of UK planning law for 10 years. Places the Planning and Compulsory Purchase Act 2004 within the context of its supporting regulations and includes the Act, together with extracts from the new regulations and guidance. | ||
| 590 | _aIKA210605 | ||
| 650 | _aPLANNING AND COMPULSORY PURCHASE ACT 2004 | ||
| 690 | _aENVIRONMENTAL AND LAND CONSULTANCY-PLANNING AND DEVELOPMENT | ||
| 700 | _aEdwards, Martin | ||
| 700 | _aHarwood, Richard | ||
| 700 | _aThornton, Justine | ||
| 942 | _n0 | ||
| 999 |
_c103840 _d103840 |
||